[Event "ESP-chT"]
[Site "Cala Galdana"]
[Date "1994.??.??"]
[Round "?"]
[White "Campora, Daniel H"]
[Black "Spraggett, Kevin"]
[Result "1-0"]
[WhiteElo "2535"]
[BlackElo "2550"]

1.e4 c5 2.c3 Nf6 3.e5 Nd5 4.d4 cxd4 5.Qxd4 e6 6.Nf3 Nc6 7.Qe4 d6 8.Nbd2 dxe5
9.Nxe5 Nxe5 10.Qxe5 Qc7 11.Nf3 Qxe5+ 12.Nxe5 Bd6 13.Nc4 Bc7 14.Ne3 Ne7 15.Bd2 Bd7
16.c4 f6 17.Be2 Kf7 18.O-O Rhd8 19.Bc3 Bb6 20.b4 e5 21.c5 Bc7 22.a4 b6 23.cxb6 axb6
24.a5 bxa5 25.bxa5 Be6 26.Rfc1 Ra7 27.Bb4 Rb8 28.Rxc7 Rxc7 29.Bd6 Rbc8 30.Bxc7 Rxc7
31.a6 Nc8 32.Bf3 f5 33.Bb7 Na7 34.Nd5 Rc5 35.Nb4 Ke7 36.Nd3 Rb5 37.f4 exf4
38.Nxf4 Bf7 39.Re1+ Kd6 40.Rd1+ Kc7 41.h4 Ra5 42.Kf2 Ra2+ 43.Kg1 Ra5 44.Rd2 h6
45.h5 Nb5 46.Bd5 Bxd5 47.Rxd5 Ra1+ 48.Kh2 Nd6 49.Ne6+ Kc6 50.Rc5+ Kd7 51.Re5 Ne8
52.Nc5+ Kd6 53.Nb3 Kxe5 54.Nxa1 Nc7 55.a7 Kd5 56.Kg3 Kc6 57.Kf4 Kb7 58.Kxf5 Nd5
59.Nc2 Kxa7 60.g4 Ne7+ 61.Ke6 Nc6 62.Ne3  1-0

[Event "ESP-chT"]
[Site "Cala Galdana"]
[Date "1994.??.??"]
[Round "?"]
[White "Glavina, Pablo"]
[Black "San Segundo, Pablo"]
[Result "1/2-1/2"]
[WhiteElo "2395"]
[BlackElo "2470"]

1.e4 c5 2.c3 Nf6 3.e5 Nd5 4.d4 cxd4 5.Nf3 e6 6.cxd4 d6 7.Bc4 Nc6 8.O-O Nb6
9.Bb5 dxe5 10.Nxe5 Bd7 11.Bxc6 Bxc6 12.Qh5 g6 13.Nxc6 gxh5 14.Nxd8 Rxd8 15.Nc3 Bg7
16.Ne2 Bxd4 17.Nxd4 Rxd4 18.Be3 Rc4 19.a4 Kd7 20.a5 Nd5 21.Bxa7 Rhc8 22.Rfd1 Rb4
23.Bd4 Ke7 24.g3 Rcc4 25.Be5 f6 26.Bc3 Ra4 27.Be1 Rxa1 28.Rxa1 Rc2 29.b4 Rb2
30.a6 bxa6 31.Rxa6 Nxb4 32.Ra7+ Kd6 33.Rb7 Nd3 34.Rxb2 Nxb2 35.Bc3 Nd3 36.Bxf6 e5
37.Kf1 Ke6 38.Bg5 Kf5 39.Bd2  1/2-1/2

[Event "ESP-chT"]
[Site "Cala Galdana"]
[Date "1994.??.??"]
[Round "?"]
[White "Garcia Callejo, Jesus"]
[Black "Solana Suarez, Ernesto"]
[Result "1/2-1/2"]
[WhiteElo "2275"]
[BlackElo "2380"]

1.e4 c5 2.c3 Nf6 3.e5 Nd5 4.d4 cxd4 5.Nf3 Nc6 6.Bc4 Nb6 7.Bb3 d5 8.exd6 Qxd6
9.O-O Be6 10.Bxe6 Qxe6 11.Nxd4 Qd7 12.Nxc6 Qxc6 13.a4 e6 14.a5 Nd7 15.Be3 Bc5
16.Qe2 O-O 17.Nd2 Rfd8 18.Nb3 Bxe3 19.Qxe3 a6 20.Rfd1 Rac8 21.h3 Qb5 22.Nd4 Qxb2
23.Nxe6 fxe6 24.Qxe6+ Kh8 25.Ra2 Qxc3 26.Rxd7 Qc1+ 27.Kh2 Rxd7 28.Qxd7 Qc7+
29.Qxc7 Rxc7 30.f4 Kg8 31.Kg3 Rc5  1/2-1/2

[Event "ESP-chT"]
[Site "Cala Galdana"]
[Date "1994.??.??"]
[Round "1"]
[White "Rodriguez Aguilera, Francisco"]
[Black "Rodriguez Lopez, Rafael"]
[Result "0-1"]
[WhiteElo "2115"]
[BlackElo "2275"]

1.e4 c5 2.c3 Nf6 3.e5 Nd5 4.g3 d6 5.d4 cxd4 6.cxd4 Nc6 7.Bg2 dxe5 8.dxe5 Ndb4
9.Qxd8+ Kxd8 10.Bxc6 bxc6 11.Kd2 Bf5 12.Nc3 Kc7 13.Nf3 Rd8+ 14.Ke2 Bd3+ 15.Kd1 Nc2
16.Rb1 Nd4 17.Nxd4 Bxb1 18.Nxb1 Rxd4+ 19.Kc2 e6 20.Nc3 Bb4 21.Be3 Bxc3 22.Kxc3 Rd5
23.f4 c5 24.Rc1 Kc6 25.a3 a5 26.b3 Kb5 27.Kb2 Ra8 28.a4+ Kb6 29.Rc4 Rc8 30.Kc2 h5
31.h4 Ra8 32.Kc3 Ra6 33.Kc2 Ra7 34.Kc3 Ra6 35.Kc2 Kc6 36.Bf2 Kb6 37.Be3 Ra8
38.Kc3 Re8 39.Kc2 Re7 40.Bf2 Kc6 41.Be1 Kb6 42.Bf2 f6 43.exf6 gxf6 44.b4 axb4
45.Rxb4+ Kc6 46.Re4 e5 47.Be3 Rd4 48.Bxd4 cxd4 49.fxe5 fxe5 50.g4 Kd5 51.Kd3 Rb7
52.Re1 hxg4 53.Rg1 e4+ 54.Kd2 e3+ 55.Kc2 Rc7+ 56.Kd3 Rc3+ 57.Ke2 Rc2+ 58.Kd1 Ra2
59.Rxg4 d3 60.Rg5+ Kc4 61.Kc1 d2+  0-1

[Event "Calcutta op2"]
[Site "Calcutta"]
[Date "1994.??.??"]
[Round "?"]
[White "Venkataramanan, TS."]
[Black "Das, Dipanjan"]
[Result "1-0"]
[WhiteElo "2270"]
[BlackElo "2170"]

1.e4 c5 2.c3 Nf6 3.e5 Nd5 4.d4 cxd4 5.cxd4 e6 6.Nc3 Nxc3 7.bxc3 d6 8.Nf3 Nc6
9.Bf4 Qa5 10.Qd2 d5 11.Rb1 Be7 12.Bd3 Qc7 13.O-O O-O 14.h4 Na5 15.Ng5 Bxg5
16.hxg5 Bd7 17.g3 Rfc8 18.Qe2 Qxc3 19.Bd2 Qc7 20.Kg2 g6 21.Rh1 Be8 22.Qg4 Nc4
23.Bb4 a5 24.Rxh7 axb4 25.Qf4 Ne3+ 26.fxe3 Rxa2+ 27.Kf3 Qd8 28.Rbh1 Kf8 29.Qf6  1-0

[Event "CAN-ch"]
[Site "CAN"]
[Date "1994.??.??"]
[Round "14"]
[White "O'Donnell, Tom"]
[Black "Nickoloff, Bryon"]
[Result "1/2-1/2"]
[WhiteElo "2410"]
[BlackElo "2390"]

1.e4 c5 2.c3 Nf6 3.e5 Nd5 4.d4 cxd4 5.Nf3 Nc6 6.Bc4 Nb6 7.Bb3 d5 8.exd6 Qxd6
9.O-O Bf5 10.Nxd4 Nxd4 11.cxd4 Be6 12.Nc3 Bxb3 13.Qxb3 e6 14.d5 Be7 15.Qb5+ Qd7
16.dxe6 fxe6 17.Re1 Qxb5 18.Nxb5 Nd5 19.Rxe6 a6 20.Nc3 Nxc3 21.bxc3 O-O-O
22.Bf4 Bc5 23.Be3 Bxe3 24.Rxe3 Rd2 25.Re7 Rhd8  1/2-1/2

[Event "Canete"]
[Site "Canete"]
[Date "1994.??.??"]
[Round "1"]
[White "Gomez Esteban, Juan Mario"]
[Black "Visier Segovia, Fernando"]
[Result "1-0"]
[WhiteElo "2465"]
[BlackElo "2300"]

1.e4 c5 2.c3 Nf6 3.e5 Nd5 4.Nf3 Nc6 5.Bc4 Nb6 6.Bb3 d5 7.exd6 Qxd6 8.d4 cxd4
9.O-O e6 10.cxd4 Be7 11.Nc3 O-O 12.Ne4 Qd8 13.a3 Nd5 14.Qd3 f5 15.Nc3 Kh8
16.Re1 Bf6 17.Nxd5 exd5 18.Bf4 Bd7 19.Bxd5 Be8 20.Qb3 Rc8 21.Be6 Na5 22.Qd3  1-0

[Event "Cannes op"]
[Site "Cannes"]
[Date "1994.??.??"]
[Round "6"]
[White "Hmadi, Slaheddine"]
[Black "Sellos, Didier"]
[Result "1-0"]
[WhiteElo "2305"]
[BlackElo "2420"]

1.e4 c5 2.c3 Nf6 3.e5 Nd5 4.d4 cxd4 5.Nf3 Nc6 6.Bc4 Nb6 7.Bb3 d6 8.exd6 Qxd6
9.O-O Bf5 10.Nxd4 Nxd4 11.cxd4 e6 12.Nc3 Be7 13.Qf3 Qd7 14.Rd1 O-O 15.Be3 Bd6
16.h3 Rac8 17.d5 e5 18.Bxb6 axb6 19.Ba4 Rxc3 20.bxc3 Qc8 21.Bb5 Bg6 22.a4 Qd8
23.c4 e4 24.Qe3 Qc7 25.a5 bxa5 26.Qa7 Qe7 27.Rxa5 Bc5 28.d6 Bxd6 29.Ba4 Bb8
30.Qc5 Qf6 31.Rb5 Qa6 32.Bb3 Ba7 33.Qe7 e3 34.fxe3 h6 35.Kh1 Rb8 36.h4 h5
37.Bc2 f5 38.Bxf5 Rc8 39.Rd8+ Rxd8 40.Qxd8+ Kh7 41.Bxg6+ Qxg6 42.Qg5  1-0

[Event "Cappelle op"]
[Site "Cappelle la Grande"]
[Date "1994.??.??"]
[Round "1"]
[White "Andriasian, Armine"]
[Black "Mandel, Andreas"]
[Result "1-0"]
[WhiteElo "2065"]
[BlackElo "2370"]

1.e4 c5 2.c3 Nf6 3.e5 Nd5 4.d4 cxd4 5.Nf3 Nc6 6.Bc4 Nb6 7.Bb3 d6 8.exd6 Qxd6
9.cxd4 Be6 10.O-O Bxb3 11.Qxb3 e6 12.Nc3 Be7 13.Rd1 Rd8 14.Be3 Qb4 15.Qxb4 Bxb4
16.d5 Nxd5 17.Nxd5 exd5 18.Rd3 Be7 19.Rad1 Bf6 20.Rxd5 Rxd5 21.Rxd5 b6 22.Rd2 Ke7
23.Ng5 Bxg5 24.Bxg5+  1-0

[Event "Cappelle op"]
[Site "Cappelle la Grande"]
[Date "1994.??.??"]
[Round "2"]
[White "Rause, Olita"]
[Black "Howell, James C"]
[Result "0-1"]
[WhiteElo "2355"]
[BlackElo "2495"]

1.e4 c5 2.c3 Nf6 3.e5 Nd5 4.d4 cxd4 5.cxd4 e6 6.Nf3 b6 7.Bd3 Bb4+ 8.Bd2 Bxd2+
9.Qxd2 Ba6 10.Bxa6 Nxa6 11.Na3 O-O 12.Nb5 Nab4 13.a3 Nc6 14.Nd6 f6 15.O-O fxe5
16.dxe5 Rxf3 17.gxf3 Nxe5 18.Kg2 Qh4  0-1

[Event "Cappelle op"]
[Site "Cappelle la Grande"]
[Date "1994.??.??"]
[Round "3"]
[White "Jonkman, Harmen"]
[Black "Degraeve, Jean Marc"]
[Result "0-1"]
[WhiteElo "2340"]
[BlackElo "2480"]

1.e4 c5 2.c3 Nf6 3.e5 Nd5 4.d4 cxd4 5.Nf3 e6 6.cxd4 d6 7.Nc3 Nxc3 8.bxc3 Bd7
9.Bd3 Bc6 10.Bf4 Qc7 11.O-O Nd7 12.Re1 dxe5 13.Nxe5 Bd6 14.a4 Nxe5 15.Bxe5 Bxe5
16.Rxe5 O-O 17.Qg4 Rad8 18.Rae1 Rd5 19.f4 Qa5 20.R1e3 g6 21.h4 Rxe5 22.fxe5 Qxc3
23.h5 Qc1+ 24.Kf2 Qd2+ 25.Be2 Bxa4 26.Qh4 h6 27.Qf6 Qxd4 28.Bd3 Qd8 29.hxg6 fxg6  0-1

[Event "Cappelle op"]
[Site "Cappelle la Grande"]
[Date "1994.??.??"]
[Round "7"]
[White "Dube, Dimitri"]
[Black "Spisak, Czeslaw"]
[Result "0-1"]
[WhiteElo "2110"]
[BlackElo "2230"]

1.e4 c5 2.c3 Nf6 3.e5 Nd5 4.d4 cxd4 5.Bc4 Qc7 6.Qe2 Nb6 7.Bd3 Nc6 8.Nf3 d5
9.h3 dxc3 10.Nxc3 e6 11.O-O a6 12.Bf4 Bd7 13.Rac1 Qd8 14.Rfd1 Be7 15.a3 Na5
16.Nd2 Rc8 17.b4 Nac4 18.Nxc4 Nxc4 19.Ne4 b5 20.Nd6+ Bxd6 21.exd6 Qf6 22.g3 O-O
23.h4 e5 24.Bg5 Qxd6 25.Qh5 g6 26.Qf3 Nb2 27.Rc5 Nxd1 28.Bh6 Rxc5 29.bxc5 Qxc5  0-1

[Event "Cappelle op"]
[Site "Cappelle la Grande"]
[Date "1994.??.??"]
[Round "7"]
[White "Catteau, Bruno"]
[Black "Rause, Olita"]
[Result "1/2-1/2"]
[WhiteElo "2355"]
[BlackElo "2355"]

1.e4 c5 2.c3 Nf6 3.e5 Nd5 4.d4 cxd4 5.cxd4 e6 6.Nf3 d6 7.a3 Bd7 8.Bd3 Qc7
9.O-O Bc6 10.b4 h6 11.Qe2 Ne7 12.g3 Bd7 13.Bb2 b5 14.Nbd2 Qb7 15.Ne4 dxe5
16.Nxe5  1/2-1/2

[Event "Cappelle op"]
[Site "Cappelle la Grande"]
[Date "1994.??.??"]
[Round "8"]
[White "Jonkman, Harmen"]
[Black "Beikert, Guenther"]
[Result "1/2-1/2"]
[WhiteElo "2340"]
[BlackElo "2415"]

1.e4 c5 2.c3 Nf6 3.e5 Nd5 4.d4 cxd4 5.Nf3 e6 6.cxd4 b6 7.Nc3 Nxc3 8.bxc3 Qc7
9.Bd2 d6 10.Bb5+ Bd7 11.a4 Nc6 12.Ng5 a6 13.exd6 Bxd6 14.Bd3 Bf4 15.O-O Bxh2+
16.Kh1 Bf4 17.d5 exd5 18.Re1+ Ne7 19.Qh5 g6 20.Qf3 Bxg5 21.Bxg5 Be6 22.Qf6 Rf8
23.c4 Ra7 24.cxd5 Nxd5 25.Qg7 Qc3 26.Qxc3 Nxc3 27.Rac1 Rc7 28.Bf4 Rc5 29.Bd6 Rd5
30.Bxf8 Rxd3 31.a5 bxa5 32.Bg7 Nb5 33.Bf6 Kd7 34.Ra1 Rd2 35.Kg1 Ra2 36.Rac1 Rd2
37.Ra1 Kc6 38.Rxa5 Kb7 39.Rea1 Rd6 40.Be5 Rc6 41.Rd1 Bc4 42.Rd8 Kb6 43.Ra1 Kc5
44.Bf4 Nc3 45.Bd2 Nd5 46.Rd7 Rc7 47.Rd8 Kd4 48.Be3+ Ke5 49.Bd2  1/2-1/2

[Event "Cappelle op"]
[Site "Cappelle la Grande"]
[Date "1994.??.??"]
[Round "9"]
[White "Carlier, Bruno"]
[Black "Spisak, Czeslaw"]
[Result "0-1"]
[WhiteElo "2355"]
[BlackElo "2230"]

1.e4 c5 2.c3 Nf6 3.e5 Nd5 4.Nf3 Nc6 5.Bc4 Nb6 6.Bb3 d5 7.exd6 Qxd6 8.d4 cxd4
9.cxd4 Bf5 10.Nc3 e6 11.O-O Rd8 12.Be3 Be7 13.Qe2 O-O 14.a3 Bf6 15.Rad1 Ne7
16.Bg5 Bxg5 17.Nxg5 Nbd5 18.Nxd5 Nxd5 19.Ne4 Bxe4 20.Qxe4 Qb6 21.Rd3 Rd6
22.Rfd1 Rfd8 23.h3 Qc7 24.Ba2 g6 25.Qe5 Qb6 26.R1d2 Ne7 27.Qe4 Qc6 28.Qe5 Qb6
29.Qe4 Qc6 30.Qe5 Qc1+ 31.Kh2 Nd5 32.Bb3 Qc6 33.h4 f6 34.Qe4 Kf7 35.g4 Nb4
36.Qxc6 Nxc6 37.d5 exd5 38.Rxd5 Rxd5 39.Rxd5 Rxd5 40.Bxd5+ Ke7 41.g5 fxg5
42.hxg5 Kd6 43.Ba2 Ke5 44.Kg3 Ne7 45.Kg4 a5 46.a4 Nf5 47.Bg8 h5+ 48.Kh3 Kf4
49.Bf7 Kxg5 50.f4+ Kxf4 51.Bxg6 Kg5 52.Bf7 h4 53.b3 b6 54.Bc4 Ng7 55.Bd5 Nh5
56.Bc4 Nf4+ 57.Kh2 Kf5  0-1

[Event "Catania op"]
[Site "Cattolica"]
[Date "1994.??.??"]
[Round "5"]
[White "Gueci, Riccardo"]
[Black "Mantovani, Renzo"]
[Result "0-1"]
[WhiteElo "2205"]
[BlackElo "2365"]

1.e4 c5 2.c3 Nf6 3.e5 Nd5 4.d4 cxd4 5.Bc4 Qc7 6.Qe2 Nb6 7.Bb3 d3 8.Qe4 Na6
9.Be3 e6 10.Nf3 d5 11.Qxd3 Nc5 12.Bxc5 Bxc5 13.O-O Bd7 14.Re1 Nc4 15.Qc2 b5
16.a4 Qb6 17.axb5 Bxb5 18.Na3 Nxa3 19.bxa3 O-O 20.Qd2 Be2 21.Nd4 Bh5 22.Bc2 Rfc8
23.Kh1 Bg6 24.Bxg6 hxg6 25.Reb1 Qc7 26.f4 Rab8 27.Rxb8 Rxb8 28.h3 Rc8 29.Ne2 Rb8
30.Nd4 Rb6 31.Qe2 Qb7 32.Ra2 Rb1+ 33.Kh2 Qb6 34.Qd2 Qa6 35.Qe2 Qa4 36.Qd2 Rd1
37.Qc2 Qxc2 38.Nxc2 Rd3 39.Nb4  0-1

[Event "Ceske Budejovice op"]
[Site "Ceske Budejovice"]
[Date "1994.??.??"]
[Round "4"]
[White "Jacek, Martin"]
[Black "Volodin, Viktor"]
[Result "1/2-1/2"]
[WhiteElo "2185"]
[BlackElo "2365"]

1.e4 c5 2.c3 Nf6 3.e5 Nd5 4.d4 cxd4 5.Nf3 Nc6 6.Bc4 Nb6 7.Bb3 d6 8.exd6 Qxd6
9.O-O Be6 10.Na3 dxc3 11.Nb5 Qxd1 12.Rxd1 Rc8 13.Bxe6 fxe6 14.Nxc3 g6 15.Ng5 e5
16.Ne6 Nd4 17.Nxd4 exd4 18.Rxd4 Bg7 19.Rf4 Nc4 20.Rb1 Rf8 21.h3 Na3 22.bxa3 Rxc3
23.Ra4 Rc7  1/2-1/2

[Event "Ceske Budejovice op"]
[Site "Ceske Budejovice"]
[Date "1994.??.??"]
[Round "8"]
[White "Poloch, Petr"]
[Black "Rogozenko, Dorin"]
[Result "1/2-1/2"]
[WhiteElo "2355"]
[BlackElo "2405"]

1.e4 c5 2.c3 Nf6 3.e5 Nd5 4.d4 cxd4 5.Nf3 Nc6 6.Bc4 Nb6 7.Bb3 d6 8.exd6 Qxd6
9.O-O Be6 10.Bxe6 Qxe6 11.Nxd4 Qd7 12.Nxc6 Qxc6 13.Nd2 Rd8 14.Qf3 Qxf3 15.Nxf3 e6
16.b3 Be7 17.c4  1/2-1/2

[Event "Copenhagen op16"]
[Site "Copenhagen"]
[Date "1994.??.??"]
[Round "2"]
[White "Nielsen, Lars Aaes"]
[Black "Auchenberg, Per"]
[Result "1-0"]
[WhiteElo "2220"]
[BlackElo "2160"]

1.e4 c5 2.c3 Nf6 3.e5 Nd5 4.d4 cxd4 5.cxd4 b6 6.Bc4 Bb7 7.Nf3 e6 8.O-O Be7
9.Nbd2 O-O 10.Ne4 f5 11.exf6 gxf6 12.Bh6 Rf7 13.Nc3 Nxc3 14.bxc3 Qc7 15.Bb3 Na6
16.d5 Bxd5 17.Bxd5 exd5 18.Qxd5 Qc6 19.Qxc6 dxc6 20.Nd4 Bf8 21.Bxf8 Raxf8
22.Rad1 c5 23.Nf5 Rc7 24.Rd6 c4 25.Rfd1 Nc5 26.R1d4 Na4 27.Rg4+ Kh8 28.Nh6 Nxc3
29.Rxf6 Rfc8 30.g3 Nd5 31.Nf7+ Rxf7 32.Rxf7 c3 33.Rgg7 Nf6 34.Rc7 Rd8 35.Rgf7 Ne4
36.Rxh7+ Kg8 37.Rhe7 Nc5 38.Re2 Kf8 39.Rc2 Rd3 40.Kf1 Ne4 41.Ke2  1-0

[Event "Copenhagen op16"]
[Site "Copenhagen"]
[Date "1994.??.??"]
[Round "4"]
[White "Hansen, Lars Bo"]
[Black "Hedman, Erik"]
[Result "1/2-1/2"]
[WhiteElo "2545"]
[BlackElo "2285"]

1.e4 c5 2.c3 Nf6 3.e5 Nd5 4.Nf3 e6 5.Bc4 Nb6 6.Be2 d6 7.exd6 Bxd6 8.d4 Nc6
9.dxc5 Bxc5 10.Qxd8+ Nxd8 11.Nbd2 Be7 12.Ne4 f6 13.O-O e5 14.c4 Nc6 15.Be3 Be6
16.b3 Rd8 17.Rad1 Kf7 18.Nc3 Nc8 19.Bd3 Nd6 20.Bc1 b6 21.Bb2 Rd7 22.Bb1 Rhd8
23.h3 h6 24.Nd5 Bf8 25.Ne3 Nb7 26.Rxd7+ Rxd7 27.Be4 Nb4 28.Bxe5 Nc5 29.Bb1 fxe5
30.Nxe5+ Kf6 31.Nxd7+ Nxd7 32.Rd1 a5 33.Nf1 Kf7 34.Nd2 Nc5 35.Nf3 Nc6 36.Bc2 Be7
37.a3 Kf8 38.Rb1 Nd7 39.Re1 Bf7 40.Be4 Nd8 41.Bf5 Nb8 42.a4 Nbc6 43.Be4 Bf6
44.Rd1 Ke7 45.Bd5 Bg6 46.Rd2 Nb4 47.Re2+ Kd6 48.Bg8 Nd3 49.h4 Bf5 50.g4 Be6
51.Bxe6 Nf4 52.c5+ bxc5 53.Bc4 Nxe2+ 54.Bxe2 Nc6 55.g5 hxg5 56.hxg5 Bc3 57.Bc4 Ne5
58.Kg2 Nxf3 59.Kxf3 Ke5 60.Kg4 Bd2 61.f3  1/2-1/2

[Event "Copenhagen op16"]
[Site "Copenhagen"]
[Date "1994.??.??"]
[Round "7"]
[White "Maksimenko, Andrei"]
[Black "Neverov, Valeriy"]
[Result "0-1"]
[WhiteElo "2475"]
[BlackElo "2530"]

1.e4 c5 2.c3 Nf6 3.e5 Nd5 4.d4 cxd4 5.Nf3 e6 6.cxd4 d6 7.Bc4 Nc6 8.O-O Be7
9.Qe2 O-O 10.Nc3 dxe5 11.dxe5 Nxc3 12.bxc3 b6 13.Qe4 Bb7 14.Bd3 g6 15.Bh6 Na5
16.Qe3 Re8 17.Ng5 Qd5 18.Qg3 Rac8 19.Be4 Qc4 20.Bxb7 Nxb7 21.Rad1 Qxc3 22.Rd3 Qc7
23.Rf3 Bxg5 24.Qxg5 Qe7 25.Qf4 f5 26.exf6 Qf7 27.Bg7 Rc5 28.Rh3 g5 29.Qe4 h5
30.Qg4 h4 31.f4 Nd6 32.fxg5 Qg6 33.Rxh4 Rxg5 34.Qh3 Kf7 35.Rd1 Rc8 36.Bh6 Qc2
37.Rhd4 Rf5 38.Be3  0-1

[Event "CZE-ch"]
[Site "?"]
[Date "1994.??.??"]
[Round "4"]
[White "Jacek, M."]
[Black "Havranek, Miroslav"]
[Result "0-1"]
[WhiteElo "2185"]
[BlackElo "2340"]

1.e4 c5 2.c3 Nf6 3.e5 Nd5 4.d4 cxd4 5.cxd4 d6 6.f4 dxe5 7.fxe5 Nc6 8.Nf3 Bg4
9.Be2 e6 10.Qa4 Bxf3 11.Bxf3 Qh4+ 12.Kd1 Bb4 13.a3 Qxd4+ 14.Bd2 Bc5 15.Qxd4 Bxd4
16.Bxd5 exd5 17.Bc3 Bxe5 18.Bxe5 Nxe5 19.Re1 f6 20.Nc3 Kf7 21.Kc2 Rhd8 22.Rad1 d4
23.Ne4 Rac8+ 24.Kb3 Rc6 25.Re2 d3 26.Re3 Rb6+ 27.Ka2 Rxb2+ 28.Kxb2 Nc4+ 29.Kc3 Nxe3
30.Rxd3 Rxd3+ 31.Kxd3 Nxg2 32.Nd6+ Ke6 33.Nxb7 Ne1+ 34.Ke4 f5+ 35.Kf4 Kf6
36.Nd6 g5+ 37.Kg3 Nc2 38.a4 Nd4 39.Ne8+ Ke5 40.Ng7 Ne6 41.Nh5 Nc5  0-1

[Event "CZE-ch"]
[Site "?"]
[Date "1994.??.??"]
[Round "8"]
[White "Jacek, M."]
[Black "Folk, Petr"]
[Result "0-1"]
[WhiteElo "2185"]
[BlackElo "2255"]

1.e4 c5 2.c3 Nf6 3.e5 Nd5 4.d4 cxd4 5.Nf3 Nc6 6.Bc4 Nb6 7.Bb3 d5 8.exd6 Qxd6
9.O-O Be6 10.Bxe6 Qxe6 11.Nxd4 Nxd4 12.Qxd4 Rd8 13.Qf4 g6 14.Be3 Bg7 15.Bxb6 Qxb6
16.Qa4+ Kf8 17.Rd1 Rxd1+ 18.Qxd1 Bf6 19.Qe2 Kg7 20.Na3 Rd8 21.Re1 e6 22.Nc4 Qa6
23.a3 Qa4 24.Ne5 Rd5 25.Nf3 b5 26.Kf1 Qb3 27.Nd4 Bxd4 28.cxd4 Qa4 29.Rc1 Qxd4
30.g3 a5 31.Rc7 Re5 32.Qf3 Rf5 33.Qe2 Re5 34.Qf3 Rf5 35.Qe2 Qd5 36.Kg1 Re5
37.Qf1 Qd2 38.Rc1 Qxb2 39.Rb1 Qxa3 40.Rxb5 Rxb5 41.Qxb5 Qa1+ 42.Kg2 a4  0-1

[Event "CZE-ch"]
[Site "?"]
[Date "1994.??.??"]
[Round "11"]
[White "Votava, Jan"]
[Black "Jirovsky, Milos"]
[Result "1/2-1/2"]
[WhiteElo "2410"]
[BlackElo "2410"]

1.e4 c5 2.c3 Nf6 3.e5 Nd5 4.d4 cxd4 5.Nf3 Nc6 6.cxd4 d6 7.Bc4 e6 8.O-O Be7
9.Re1 O-O 10.Bd2 a6 11.Nc3 Nxc3 12.bxc3 dxe5 13.Nxe5 Nxe5 14.Rxe5 Bf6 15.Re1 Bd7
16.a4 Bc6 17.Bf4 Rc8 18.Bd3 Bd5 19.Rc1 Bc4 20.Bb1 Rc6 21.g3 Qd7 22.h4 g6
23.h5 Rfc8 24.Be5 Bxe5 25.Rxe5 Bd5 26.Re3 Qd8 27.hxg6 hxg6 28.Qg4 Kg7 29.Qe2 Qg5
30.f4 Qh6 31.Kf2 b5 32.axb5 axb5 33.Ke1 Rc4 34.Kd2 b4 35.Qf2 Kg8 36.Ba2 R4c7
37.Bxd5 exd5 38.Qg2 Qh5 39.Rh1 bxc3+ 40.Kc1 Ra8 41.Re8+ Rxe8 42.Rxh5 gxh5
43.Qxd5 Re1+ 44.Kc2 Re2+ 45.Kc1 Rce7 46.Qg5+ Kf8 47.Qh6+ Ke8 48.Qc6+ Kd8
49.Qa8+ Kd7 50.Qd5+ Kc7 51.Qc5+ Kd8 52.Qb6+ Ke8 53.Qb8+ Kd7 54.Qb5+ Kd8 55.d5 Rd2
56.Qb8+ Kd7 57.Qb7+ Kd8 58.Qa8+ Kd7 59.Qc6+ Kd8 60.Qa8+  1/2-1/2

[Event "CZE-chT"]
[Site "?"]
[Date "1994.??.??"]
[Round "?"]
[White "Jakubiec, Artur"]
[Black "Nemec, Pavel"]
[Result "0-1"]
[WhiteElo "2375"]
[BlackElo "2205"]

1.e4 c5 2.c3 Nf6 3.e5 Nd5 4.d4 cxd4 5.cxd4 e6 6.Nc3 Nxc3 7.bxc3 Qc7 8.Bd2 b6
9.Qg4 Bb7 10.Nf3 Nc6 11.Bd3 O-O-O 12.O-O h5 13.Qh3 f6 14.Nh4 Ne7 15.f4 Kb8
16.Rac1 Rg8 17.Nf3 fxe5 18.fxe5 g6 19.a4 Nc6 20.c4 Bb4 21.Bg5 Rdf8 22.Bh6 Rf7
23.Kh1 Ne7 24.d5 Qc8 25.Be4 Bc5 26.a5 exd5 27.cxd5 Nxd5 28.Rfd1 Nf4 29.Bxf4 Bxe4
30.Qg3 Rgf8 31.e6+ Rxf4 32.exd7 Qd8 33.Ng5 h4 34.Qxf4+ Rxf4 35.Ne6 Rg4 36.h3 Rxg2
37.Nxc5 bxc5  0-1

[Event "DEN-chT9394"]
[Site "DEN"]
[Date "1994.??.??"]
[Round "6"]
[White "Kristensen, Leif"]
[Black "Fedder, Steen"]
[Result "1/2-1/2"]
[WhiteElo "2310"]
[BlackElo "2380"]

1.e4 c5 2.c3 Nf6 3.e5 Nd5 4.g3 Nc6 5.Bg2 e6 6.Qe2 Be7 7.f4 O-O 8.Nf3 b6 9.O-O f6
10.Na3 Bb7 11.d3 a6 12.Nc4 b5 13.Ne3 Nxe3 14.Bxe3 fxe5 15.Nxe5  1/2-1/2

[Event "Djakovo op"]
[Site "Djakovo"]
[Date "1994.??.??"]
[Round "5"]
[White "Medak, Bojan"]
[Black "Vaulin, Alexander"]
[Result "0-1"]
[WhiteElo "2255"]
[BlackElo "2560"]

1.e4 c5 2.c3 Nf6 3.e5 Nd5 4.d4 cxd4 5.Nf3 e6 6.cxd4 d6 7.Nc3 Nxc3 8.bxc3 Nd7
9.Bd3 dxe5 10.Nxe5 Nxe5 11.dxe5 Bd7 12.O-O Bc6 13.Qe2 Qd5 14.f3 Qc5+ 15.Kh1 Qxc3
16.Bg5 h6 17.Rac1 Qa5 18.Bd2 Qc7 19.f4 g6 20.Be3 Be7 21.Qf2 Qa5 22.Rfd1 O-O
23.Qg3 Kg7 24.f5 exf5 25.Bxf5 Rad8 26.Bd4 Bg5 27.Rc3 gxf5 28.e6+ Rxd4 29.Rxd4 Rd8
30.Rxd8 Qxd8 31.h4 Qd1+ 32.Kh2 f4 33.Qf2 Be7 34.Qxf4 Qh5 35.Rg3+ Kf8 36.Kh3 Be8
37.Rf3 f6 38.g4 Qg6 39.g5 hxg5 40.hxg5 Bc6 41.Rf2 Kg7 42.gxf6+ Bxf6 43.Qc7+ Kg8
44.Qb8+ Kh7 45.Rh2 Qg5  0-1

[Event "Djakovo op"]
[Site "Djakovo"]
[Date "1994.??.??"]
[Round "8"]
[White "Stevic, Hrvoje"]
[Black "Sale, Srdjan"]
[Result "1-0"]
[WhiteElo "2200"]
[BlackElo "2445"]

1.e4 c5 2.c3 Nf6 3.e5 Nd5 4.g3 d6 5.exd6 Qxd6 6.Bg2 Nc6 7.Ne2 Bg4 8.h3 Bxe2
9.Qxe2 e6 10.Na3 Be7 11.O-O O-O 12.Nc4 Qc7 13.a4 Rad8 14.d3 Rd7 15.Bd2 Rfd8
16.Rfe1 Bf6 17.Be4 b6 18.h4 a6 19.Rad1 b5 20.axb5 axb5 21.Ne3 Nxe3 22.Bxe3 Be7
23.Bf4 Bd6 24.Bxd6 Rxd6 25.Ra1 Nb8 26.Ra8 Ra6 27.Rxa6 Nxa6 28.Qh5 h6 29.g4 Qf4
30.Re3 Nc7 31.Rf3 Qc1+ 32.Kg2 Rd7 33.Qxc5 f6 34.Bg6 Qxb2 35.g5 Qa2 36.gxf6 gxf6
37.Rg3 Rg7 38.Bf7+ Kh7 39.Rxg7+ Kxg7 40.Qxc7 Qd5+ 41.Kh2 Kf8 42.Bg6  1-0

[Event "Dresden (Women)"]
[Site "Dresden"]
[Date "1994.??.??"]
[Round "?"]
[White "Jahn, Constanze"]
[Black "Bojkovic, Natasa"]
[Result "0-1"]
[WhiteElo "2235"]
[BlackElo "2410"]

1.e4 c5 2.c3 Nf6 3.e5 Nd5 4.d4 cxd4 5.Nf3 e6 6.Bc4 Nb6 7.Bb3 d6 8.cxd4 dxe5
9.Nxe5 Nc6 10.Nxc6 bxc6 11.O-O g6 12.Qf3 Nd5 13.Nc3 Bg7 14.Ba4 Bd7 15.Ne4 O-O
16.Bg5 f6 17.Bd2 f5 18.Nc5 Bxd4 19.Nxd7 Qxd7 20.Rac1 Rac8 21.Rc2 Rc7 22.Rfc1 Re8
23.Ba5 Bb6 24.Bc3 Qd6 25.Qe2 Nxc3 26.Rxc3 Bd4 27.R3c2 Kg7 28.Bb3 e5 29.Bc4 c5
30.g4 Rf8 31.g5 e4 32.Kh1 Re7 33.Rg1 f4 34.Qg4 Qc6 35.Re1 Qb7 36.b3 f3 37.Rf1 Rf5
38.h4 e3 39.fxe3 Re4 40.Qg3 f2  0-1

[Event "Eger op"]
[Site "Eger"]
[Date "1994.??.??"]
[Round "2"]
[White "Okhotnik, Vladimir"]
[Black "Turzo, Attila"]
[Result "0-1"]
[WhiteElo "2410"]
[BlackElo "2245"]

1.e4 c5 2.c3 Nf6 3.e5 Nd5 4.d4 cxd4 5.cxd4 Nc6 6.Nf3 d6 7.Bc4 dxe5 8.Bxd5 Qxd5
9.Nc3 Qd6 10.d5 Nd4 11.Nxd4 exd4 12.Qxd4 e5 13.Qd3 Bd7 14.O-O f5 15.Re1 Kf7
16.Qe3 a6 17.Bd2 Re8 18.Qa7 Be7 19.Rad1 Ra8 20.Qe3 Bf6 21.Ne2 Rac8 22.Qb3 b5
23.Bb4 Qb6 24.d6+ Rc4 25.Qa3 Ra8 26.Ba5 Qb7 27.Rc1 Rac8 28.Bc7 Rg4 29.Qh3 Kg8
30.Qb3+ Kf8 31.f3 Qa7+ 32.Kh1 Rh4 33.g3 Rc4 34.Kg2 Be6 35.Rxc4 bxc4 36.Qb4 Kf7
37.Nc3 g5 38.g4 fxg4 39.fxg4 Qd4 40.h3 Qd2+ 41.Re2 Bd5+ 42.Kf2 Qf4+ 43.Ke1 Bf3
44.Qa4 Qg3+ 45.Kd1 Bxe2+ 46.Nxe2 Qd3+ 47.Ke1 Kg6 48.Qc6 Rf8 49.d7 Kg7 50.Nc3 e4
51.Ne2 Bxb2 52.Ba5 Qb1+  0-1

[Event "Elgoibar"]
[Site "Elgoibar"]
[Date "1994.??.??"]
[Round "?"]
[White "Strikovic, Aleksa"]
[Black "Vera, Reynaldo"]
[Result "1/2-1/2"]
[WhiteElo "2495"]
[BlackElo "2500"]

1.e4 c5 2.c3 Nf6 3.e5 Nd5 4.d4 cxd4 5.Qxd4 e6 6.Bc4 Nc6 7.Qe4 d6 8.Nf3 dxe5
9.Nxe5 Nf6 10.Nxc6 Nxe4 11.Nxd8 Kxd8 12.O-O Bd7 13.Rd1 Rc8 14.Bb5 Bd6 15.Na3 a6
16.Bxd7 Kxd7 17.Rd4 f5 18.Nc4 Rc5 19.Be3 e5 20.Rxe4 fxe4 21.Bxc5 Bxc5 22.Re1 Rf8
23.Nxe5+ Kc7 24.Re2 e3 25.fxe3 Re8 26.Nd3 Rxe3 27.Rxe3 Bxe3+ 28.Kf1 Kd6 29.Ke2 Bg1
30.h3 Kd5 31.Kf3 Ba7 32.h4 a5 33.Nf4+ Ke5 34.a4 g6 35.g4 Bb6 36.b3 Bd8 37.Nd3+ Kd5
38.g5 Bc7 39.Nf2 Ke5 40.Ne4 Kf5 41.b4 b5 42.Nc5 bxa4 43.Nxa4 Ke5 44.Nb2 Kd5
45.bxa5 Bxa5 46.Nd1 Ke5 47.c4 Be1 48.Nf2 Kd4 49.c5 Kd5 50.Nd3 Bxh4 51.Kg4 Bxg5
52.Kxg5 h5 53.Kf4 h4  1/2-1/2

[Event "RUS-ch"]
[Site "Elista"]
[Date "1994.??.??"]
[Round "4"]
[White "Sveshnikov, Evgeny"]
[Black "Ragozin, Evgeni"]
[Result "1/2-1/2"]
[WhiteElo "2585"]
[BlackElo "2510"]

1.e4 c5 2.c3 Nf6 3.e5 Nd5 4.Nf3 Nc6 5.Bc4 Nb6 6.Be2 d6 7.exd6 Qxd6 8.O-O Bf5
9.Na3 a6 10.d4 cxd4 11.Nxd4 Nxd4 12.cxd4 Be6 13.b3 Rc8 14.Bb2 Nd5 15.Rc1 Rxc1
16.Qxc1 g6 17.Nc4 Qd8 18.Bf3 Bg7 19.Ne3 O-O 20.Qc5 b6 21.Qc6 Nxe3 22.fxe3 Qb8
23.Qc2 Qd6 24.Qf2 f5 25.Rc1 Rc8 26.Rxc8+ Bxc8 27.Qc2 Be6 28.Qc6 Qxc6 29.Bxc6 Kf7
30.Kf2 Bf6 31.Ke2 g5 32.Bc3 Bc8 33.b4 Be6 34.a3 Bc4+ 35.Kf2 Ke6 36.e4 Kd6
37.Ba8 fxe4 38.Bxe4 h6 39.a4  1/2-1/2